| 000 | 00831cam a2200313 4500500 | ||
|---|---|---|---|
| 005 | 20260329004615.0 | ||
| 041 | _afre | ||
| 042 | _adc | ||
| 100 | 1 | 0 |
_aEltchaninoff, Michel _eauthor |
| 245 | 0 | 0 | _aDans la tête de Didier Raoult |
| 260 | _c2020. | ||
| 500 | _a65 | ||
| 690 | _aDarwin | ||
| 690 | _aDeleuze | ||
| 690 | _aDerrida | ||
| 690 | _aDidier Raoult | ||
| 690 | _aHéraclite | ||
| 690 | _aHusserl | ||
| 690 | _aKarl Popper | ||
| 690 | _aNietzsche | ||
| 690 | _aProtagoras | ||
| 690 | _aPseudo-Science | ||
| 690 | _aScience | ||
| 690 | _aSophistes | ||
| 690 | _aThomas Kuhn | ||
| 690 | _aVérité | ||
| 786 | 0 | _nPhilosophie magazine | 142 | 9 | 2020-09-01 | p. 21-25 | 1951-1787 | |
| 856 | 4 | 1 | _uhttps://shs.cairn.info/magazine-philosophie-magazine-2020-9-page-21?lang=fr&redirect-ssocas=7080 |
| 999 |
_c1835593 _d1835593 |
||